00723nam a22002177a 450000500170000000800410001701000290005802000230008702000260011003500270013603700160016303700160017904000130019508200140020824500730022226000460029527000620034130000290040350000510043270000220048320100901111630.0100901t xxu||||| |||| 00| 0 eng d aENG-101385 B-425176-181 a0198069391c350.00 a9780198069393c350.00 aEN-84918 B-425176-181 bDBAD / PUB bK.K.Pub/Ven aDplbEng14a598.095411 aBirds of India :cedited by Abdul Jamil Urfiba literary anthology / aNew DelhibOxford University Pressc2010 aYMCA Library Building, Jai Singh RoadbNew Delhie110001 axxviii,385p. c22cm (Hb) aIncludes bibliographical references and index aUrfi, Abdul Jamil